Malang tiga beradik

Bibliographic Details
Main Author: Amir haji Matsom
Format: Book
Published: Petaling Jaya : Hasrat Murni , 2008

MARC

LEADER 00000cam a2200000 7i4500
001 0000066072
005 20160914.0
008 160914
020 |a 9789830603568 
020 |a 9789830603575 
090 0 0 |a MOR   |b MAL 
100 1 |a Amir haji Matsom 
245 0 0 |a Malang tiga beradik   |c Amer haji Matsom 
260 |a Petaling Jaya :   |b Hasrat Murni ,   |c 2008 
999 |a 0001062384   |b Book   |c Children Collection   |e Cawangan Taman Sri Lambak 
999 |a 0001062385   |b Book   |c Children Collection   |e Cawangan Taman Sri Lambak 
999 |a 0001062386   |b Book   |c Children Collection   |e Cawangan Taman Sri Lambak